000 01681cam a22004337a 4500
001 000095072
003 CHAP
005 20220329143055.0
008 051214d2005 mx d r 00010 spa d
010 _a91538
011 _a92510
035 _a103074
040 _cCHAP
090 _aTesis
100 0 0 _aDíaz Carreón, Briza Cariño.
_933398
245 1 0 _aEstudio de factibilidad del proyecto ecoturístico La Cañada, ejido de La Magdalena Petlacalco, Edo. de Méx. /
_c/por Briza Cariño Díaz Carreón y José Alberto Torres de la Cruz.
260 _aChapingo, Méx. :
_bEl autor,
_c2005.
300 _a99 h. :
_bcuadros.
502 _aTesis (Ing. Agr. Esp. en Economía Agrícola) -- UACH. División de Ciencias Económico Administrativas
590 _aALEPH
_b10
_c20130110
_lUCH01
_h1508
590 _aBATCH-UPD
_b10
_c20130110
_lUCH01
_h0457
590 _aBATCH-UPD
_b10
_c20130410
_lUCH01
_h0134
590 _aBATCH-UPD
_b10
_c20130914
_lUCH01
_h1217
590 _aBATCH-UPD
_b10
_c20140324
_lUCH01
_h1453
590 _aBATCH-UPD
_b10
_c20141002
_lUCH01
_h0828
590 _aCONVERSION
_b10
_c20130109
_lUCH01
_h1351
590 _aE792CSJ
_b10
_c20130617
_lUCH01
_h0934
650 0 4 _aEjidos
_xMéxico (Edo.)
_936020
650 1 4 _aEcoturismo.
_935298
650 1 4 _aEstudios de factibilidad.
_938520
700 0 _aTorres de la Cruz, José Alberto.
_9114080
856 _3Finding aid
_uhttp://10.13.5.2/tesis/103074.pdf
_zTeclea aquí
901 _aBK
905 _aMarco A. Mendoza T.
942 _cCD
942 _n0
949 _aTesis
_bBC
_cTES
_d1030741
_eTS1
_gDonaciØn
_h44469
_i103074
_sb
949 _aTesis
_bBC
_cTES
_d33724000967642
_eTS1
_fc.2
_gDonaciØn
_h44470
_i103074
_si
999 _c91538
_d91538